Les Meilleurs buteurs de la Serie A 2015-2016 - Statistiques

Statistiques générales
  • Ce quiz a été pris 30 fois
  • Le résultat moyen est 6 sur 12
Statistiques - réponses
Buts Nationalité Club Joueur % Correct
36 Argentine Napoli Gonzalo Higuaín
100%
14 Egypte AS Roma Mohamed Salah
100%
19 Argentine Juventus Paulo Dybala
93%
16 Argentine Inter Milan Mauro Icardi
61%
18 Colombie AC Milan Carlos Bacca
54%
12 Italie Napoli Lorenzo Insigne
50%
13 Slovénie ACF Fiorentina Josip Iličić
43%
12 Italie Torino FC Andrea Belotti
36%
12 Croatie ACF Fiorentina Nikola Kalinić
11%
13 Itallie Inter Milan Éder
4%
13 Italie Empoli Massimo Maccarone
4%
14 Italie Genoa CFC Leonardo Pavoletti
0%
Aucun quiz correspondant
Distribution des résultats
% des personnes avec chaque résultat
Percentile par nombre de réponses
Votre historique - résultats
Vous n’avez pas pris ce quiz